000 00627nam a2200229Ia 4500
003 OSt
005 20220923214630.0
006 a|||||r|||| 00| 0
007 ta
008 220922b |||||||| |||| 00| 0 hin d
024 _a171,366
037 _cTextual
040 _aARTS
_cARTS
_bhin
041 _2hin
_ahin
082 _aO152:3N21x, H9
100 _aगौड़, सरयू पण्डा
245 0 _aलख्नऊ वाली
246 _aLakhnaū vālī
260 _c1949
942 _hO152:3N21x, H9
_cTEXL
_2CC
999 _c325589
_d325589